| 000 | 00420nam a2200157 i 4500 | ||
|---|---|---|---|
| 001 | 68201 | ||
| 003 | ES-MaACL | ||
| 005 | 20230906170225.0 | ||
| 007 | t| | ||
| 008 | 040611s1932 sp ||||1| spa d | ||
| 100 | 1 |
_aGarcía, Adolfo. _953992 |
|
| 245 | 1 | 3 |
_aLa justicia y los estatutos regionales / _cpor Adolfo García. |
| 260 |
_aMadrid : _bReus, _c1932. |
||
| 300 |
_a16 p. ; _c23 cm. |
||
| 852 |
_aES-MaACL _j1757-F-26 |
||
| 999 |
_c68201 _d68201 |
||